000
00305nam a22001337a 4500
008
181031b xxu||||| |||| 00| 0 eng d
020
_a
1566627516
041
_a
eng
080
_2
3rd
_a
340
100
_a
14
101
_a
SHJ
245
_a
The Law and Ethics of Lawyering
_c
Hazard,G,C
942
_2
udc
_c
BK
999
_c
51314
_d
51314